Racionális döntések vizsgálata a fogyasztói társadalomban

Bibliográfiai részletek
Szerző: Nagy Orsolya
További közreműködők: Hlédik Dr. Erika
Dokumentumtípus: Diplomadolgozat
Kulcsszavak:Döntéshozatal
Fogyasztói döntés
Racionalitás
Online Access:http://dolgozattar.uni-bge.hu/4636

MARC

LEADER 00000nta a2200000 i 4500
001 dolg4636
005 20160830100122.0
008 151214suuuu hu om 000 hun d
040 |a BGE Dolgozattár Repozitórium  |b hun 
041 |a hu 
100 1 |a Nagy Orsolya 
245 1 0 |a Racionális döntések vizsgálata a fogyasztói társadalomban  |c Nagy Orsolya  |h [elektronikus dokumentum] 
695 |a Döntéshozatal 
695 |a Fogyasztói döntés 
695 |a Racionalitás 
700 1 |a Hlédik Dr. Erika  |e ths 
856 4 0 |u http://dolgozattar.uni-bge.hu/4636/1/Racion%C3%A1lis_d%C3%B6nt%C3%A9sek_vizsg%C3%A1lata_a_fogyaszt%C3%B3i_t%C3%A1rsadalomban_2015_Nagy_Orsolya_ZI2WLP.pdf  |z Dokumentum-elérés 
856 4 0 |u http://dolgozattar.uni-bge.hu/4636/2/Racion%C3%A1lis_d%C3%B6nt%C3%A9sek_vizsg%C3%A1lata_a_fogyaszt%C3%B3i_t%C3%A1rsadalomban_2015_Nagy_Orsolya_ZI2WLP.pdf  |z Dokumentum-elérés